|
|
|
|
| LEADER |
00000nab a2200000ua 4500 |
| 001 |
vtls010845807 |
| 003 |
SK-MaSNL |
| 005 |
20260303144257.0 |
| 008 |
230222s2010 xo |||||||||||||||||pol| |
| 035 |
|
|
|a (urnnbn)urn:nbn:sk:snk:ar-a074vf
|
| 035 |
|
|
|a urn:nbn:sk:snk-ab67ch
|
| 035 |
|
|
|a (uuid)fff4b030-6c7c-4527-b26d-acd905072336
|
| 040 |
|
|
|a SNKBUCL
|b slo
|c SNKBUCL
|e AACR2
|
| 041 |
0 |
|
|a pol
|
| 044 |
|
|
|a xo
|c SK
|
| 100 |
1 |
|
|a Ozorowski, Mleczysław
|4 aut
|9 1165668
|
| 245 |
1 |
0 |
|a Stosunek Kościoła Katolickiego do związków niesakramentalnych
|c Mleczysław Ozorowski
|
| 773 |
0 |
|
|t Teologický časopis
|g Roč. 8, č. 1 (2010), s. 59-66
|
| 958 |
|
|
|a OND
|
| 958 |
|
|
|a EUIPO
|
| 958 |
|
|
|a article5
|
| 999 |
|
|
|c 1996102
|d 1998032
|